ՀՀ Գիտությունների ազգային ակադեմիայի հիմնարար գիտական գրադարան  =   Fundamental Scientific Library of NAS RA

Անօրինակ սխրանք : (Record no. 89904)

MARC details
000 -LEADER
fixed length control field 01153nam a2200229 a 4500
001 - CONTROL NUMBER
control field 000250920
003 - CONTROL NUMBER IDENTIFIER
control field AM-YeHGA
005 - DATE AND TIME OF LATEST TRANSACTION
control field 20260406122836.0
008 - FIXED-LENGTH DATA ELEMENTS--GENERAL INFORMATION
fixed length control field 030729s1987 ai a||||||||||||||1|arm|d
040 ## - CATALOGING SOURCE
Original cataloging agency AM-YeHGA
041 1# - LANGUAGE CODE
Language code of text/sound track or separate title arm
100 1# - MAIN ENTRY--PERSONAL NAME
Personal name Ստրելկով, Վիկտոր Ալեքսանդրովիչ
245 10 - TITLE STATEMENT
Title Անօրինակ սխրանք :
Remainder of title Վավերագրական պոեմ : Դպր. միջին և բարձր տարիքի համար /
Statement of responsibility, etc. Վ. Ստրելկով ; Թարգմ.՝ Ա. Պողոսյան ; Խմբ.՝ Յու. Սահակյան ; Առաջաբ.՝ Զ. Բալայան.
260 ## - PUBLICATION, DISTRIBUTION, ETC.
Place of publication, distribution, etc. Երևան :
Name of publisher, distributor, etc. Արևիկ,
Date of publication, distribution, etc. 1987.
300 ## - PHYSICAL DESCRIPTION
Extent 30 էջ :
Other physical details 4 ներդ. թ. լուսանկ. ;
Dimensions 16 սմ.
600 10 - SUBJECT ADDED ENTRY--PERSONAL NAME
Personal name Կարապետյան, Շավարշ Վլադիմիրի,
Dates associated with a name 1953-
9 (RLIN) 6971
650 10 - SUBJECT ADDED ENTRY--TOPICAL TERM
Topical term or geographic name entry element Ռուս գրականություն
General subdivision Պոեմ
700 1# - ADDED ENTRY--PERSONAL NAME
Personal name Պողոսյան, Արտաշես Ալեքսանդրի,
Dates associated with a name 1922-1997
Relator term թարգմ.
Relationship trl
9 (RLIN) 9416
700 1# - ADDED ENTRY--PERSONAL NAME
Personal name Բալայան, Զորի Հայկի,
Dates associated with a name 1935-2026
Relator term առաջաբ.
Relationship aui
9 (RLIN) 1491
700 1# - ADDED ENTRY--PERSONAL NAME
Personal name Սահակյան, Յուրի Հակոբի,
Dates associated with a name 1937-2019
Relator term խմբ.
Relationship edt
9 (RLIN) 2721
942 ## - ADDED ENTRY ELEMENTS (KOHA)
Source of classification or shelving scheme Universal Decimal Classification
Koha item type Գրքեր / Books
Holdings
Withdrawn status Lost status Damaged status Not for loan Collection Home library Current library Date acquired Total checkouts Full call number Barcode Date last seen Cost, replacement price Price effective from Koha item type Public note
        General Fundamental Scientific Library Fundamental Scientific Library 22/12/2016   AI/18350 FL0061462 22/12/2016 10.00 22/12/2016 Գրքեր / Books 30 Days Loan


ՀՀ ԳԱԱ հիմնարար գիտական գրադարան
ՀՀ,Երևան 0019
Մարշալ Բաղրամյան 24/6
հեռախոս:(374-10) 52-47-50
Հետադարձ կապ

All site content, except where otherwise noted, is licensed under a
Creative Commons License